Pub Crawl: Pick the US Beers Quiz Stats

 Plays Quiz Updated Aug 15, 2018

Support Sporcle.
Go Orange.
Score 0/26 Timer 10:00
0 Plays Today
% Correct
???
100%
???
87.7%
???
77.4%
???
65.4%
???
46.6%
???
43.4%
???
38.5%
???
32.9%
???
27%
???
26.5%
???
26.1%
???
25.7%
???
18.6%
% Correct
???
18.4%
???
18.1%
???
16.8%
???
16.3%
???
14.3%
???
14.2%
???
13.8%
???
11.6%
???
11.2%
???
8.8%
???
8.6%
???
8.4%
???
8.3%

You're not logged in!

Compare scores with friends on all Sporcle quizzes.
OR
Log In

From the Vault

Corporate Logos VI

by BanjoZebra

How logo can you go?
Remove Ads.
Support Sporcle.
Get the best of Sporcle when you Go Orange. This ad-free experience offers more features, more stats, and more fun while also helping to support Sporcle. Thank you for becoming a member.

Show Comments

Extras

Top Quizzes Today


Score Distribution

Your Account Isn't Verified!

In order to create a playlist on Sporcle, you need to verify the email address you used during registration. Go to your Sporcle Settings to finish the process.

Report this User

Report this user for behavior that violates our Community Guidelines.

Details: